Исторические корни деформации социализма

Bibliografski detalji
Glavni autor: Шашков Н. И. Николай Иванович
Sažetak:Исключено из фонда НТБ ТПУ
Jezik:ruski
Izdano: Кишинев, Картя молдовеняскэ, 1989
Format: MixedMaterials Knjiga
KOHA link:https://koha.lib.tpu.ru/cgi-bin/koha/opac-detail.pl?biblionumber=249139

MARC

LEADER 00000nam0a2200000 4500
001 249139
005 20231031212741.0
010 |a 5362004077 
020 |a RU  |b 89-16294 
035 |a (RuTPU)RU\TPU\book\271158 
090 |a 249139 
100 |a 20140201d1989 k y0rusy5003 ca 
101 0 |a rus 
102 |a MD 
105 |a y z 000zy 
200 1 |a Исторические корни деформации социализма  |f Н. И. Шашков 
210 |a Кишинев  |c Картя молдовеняскэ  |d 1989 
215 |a 196 с. 
333 |a Исключено из фонда НТБ ТПУ 
700 1 |a Шашков  |b Н. И.  |g Николай Иванович 
801 0 |a RU  |b RuMRKP  |c 19950417  |g psbo 
801 1 |a RU  |b 63413507  |c 20140201 
801 2 |a RU  |b 63413507  |c 20220311  |g RCR 
942 |c BK